Ohodnocovanie pozitívnych externalít multifunkčného poľnohospodárstva SR

Salvato in:
Dettagli Bibliografici
Autore principale: Brodová, Martina
Natura: Libro
Lingua:slovacco
Pubblicazione: Bratislava Výskumný ústav ekonomiky poľnohospodárstva a potravinárstva 2005
Serie:Štúdia č. 108/2005
Soggetti:
Tags: Aggiungi Tag
Nessun Tag, puoi essere il primo ad aggiungerne!!

MARC

LEADER 00000nam$a2200000$$$4500
001 0050517
005 20240223110322.6
020 |a 80-8058-410-9 
041 0 |a slo 
044 |a SK 
245 1 0 |a Ohodnocovanie pozitívnych externalít multifunkčného poľnohospodárstva SR  |c Martina Brodová 
264 1 |a Bratislava  |b Výskumný ústav ekonomiky poľnohospodárstva a potravinárstva  |c 2005 
300 |a 60 s. 
490 1 |a Štúdia  |v č. 108/2005 
830 0 |a Štúdia  |v č. 108/2005 
610 2 0 |a poľnohospodárstvo 
610 2 0 |a externality 
610 2 0 |a riziko 
610 2 0 |a príroda 
610 2 0 |a vidiek 
610 2 0 |a kraje 
610 2 0 |a dotazníky 
610 2 0 |a prieskum informačný 
610 2 0 |a metódy 
610 2 0 |a odpad 
610 2 0 |a toky vodné 
610 2 0 |a povodne 
610 2 0 |a prevencia 
610 2 0 |a plyn 
610 2 0 |a Slovensko 
100 1 |a Brodová, Martina